[Event "AUTO-INT-1101"]
[Site "http://www.queenalice.com/game.php?id=492170"]
[Date "2008.11.12"]
[Round "1"]
[White "krikorlima"]
[Black "rockaudrey"]
[Result "0-1"]
[WhiteElo "1245"]
[BlackElo "1691"]

1. e3 c5 2. d4 cxd4 3. Qxd4 Nc6 4. Qc3 Nf6 5. f4 d6 6. Bb5 Bd7 7. Nf3 g6 8. Ng5
Bg7 9. h4 h6 10. Nh3 O-O 11. Rf1 a6 12. Bxc6 Bxc6 13. g3 Ng4 0-1

[Event "AUTO-INT-1101"]
[Site "http://www.queenalice.com/game.php?id=492187"]
[Date "2008.11.12"]
[Round "1"]
[White "krikorlima"]
[Black "joaohumberto"]
[Result "0-1"]
[WhiteElo "1310"]
[BlackElo "1536"]

1. e3 d5 2. d4 c6 3. c4 dxc4 4. Bxc4 Be6 5. Bxe6 fxe6 6. Qh5+ g6 7. Qe5 Qa5+ 8.
Qxa5 Nf6 9. Qe5 Nbd7 10. Qxe6 O-O-O 11. Nf3 h6 12. Ne5 h5 0-1

[Event "AUTO-INT-1101"]
[Site "http://www.queenalice.com/game.php?id=492188"]
[Date "2008.11.12"]
[Round "1"]
[White "joaohumberto"]
[Black "krikorlima"]
[Result "1-0"]
[WhiteElo "1543"]
[BlackElo "1303"]

1. d4 d5 2. e3 Nc6 3. a3 e5 4. dxe5 Nxe5 5. g3 Bg4 6. f3 Bh5 7. Be2 c6 8. g4 Bg6
9. Nh3 Bc5 10. f4 Nc4 11. Bxc4 dxc4 12. O-O 1-0

[Event "AUTO-INT-1101"]
[Site "http://www.queenalice.com/game.php?id=492189"]
[Date "2008.11.12"]
[Round "1"]
[White "krikorlima"]
[Black "MataMoscas"]
[Result "0-1"]
[WhiteElo "1171"]
[BlackElo "1648"]

1. d4 d5 2. f4 e6 3. e3 Nc6 4. Bb5 a6 5. Bxc6+ bxc6 6. b3 c5 7. c3 Be7 8. Nh3
Bh4+ 9. g3 Bf6 10. Ba3 cxd4 11. cxd4 c6 12. Ng5 Qa5+ 13. Qd2 Qb5 14. Nc3 Qb6 15.
Na4 Qb5 16. Rc1 h6 17. Rc5 Qb7 18. h4 hxg5 19. fxg5 Bxg5 20. Qg2 Bxe3 21. Qf3
Bxd4 22. Rf1 f6 23. g4 Bxc5 24. Bxc5 Rxh4 25. Nb6 Rb8 26. g5 Re4+ 0-1

[Event "AUTO-INT-1101"]
[Site "http://www.queenalice.com/game.php?id=492190"]
[Date "2008.11.12"]
[Round "1"]
[White "MataMoscas"]
[Black "krikorlima"]
[Result "1-0"]
[WhiteElo "1650"]
[BlackElo "1169"]

1. e4 d5 2. Nc3 dxe4 3. Nxe4 f5 4. Ng3 Nc6 5. Bb5 a6 6. Bd3 Nd4 7. c3 Nb5 8.
Bxf5 Bxf5 9. Nxf5 e6 10. Qe2 Qd7 11. Qe4 Rb8 12. d4 g6 13. Qe5 gxf5 14. Qxh8 Qg7
15. Qxg7 Bxg7 16. Nf3 Nf6 17. a4 Nd6 18. O-O Nc4 19. Re1 Ke7 20. Bg5 Nxb2 21. d5
Nd3 22. Re3 Nc5 23. Nd4 Ne4 24. Nxe6 Rd8 25. Nxd8 Kxd8 26. Bxf6+ 1-0

[Event "AUTO-OPEN-1340"]
[Site "http://www.queenalice.com/game.php?id=495007"]
[Date "2008.11.18"]
[Round "1"]
[White "krikorlima"]
[Black "louieflores"]
[Result "0-1"]
[WhiteElo "1333"]
[BlackElo "1551"]

1. e3 e5 2. f4 exf4 3. exf4 Qh4+ 4. g3 Qf6 5. Nf3 d6 6. Ng5 Qd4 7. d3 h6 8. c3
Qd5 9. Nf3 Bg4 10. c4 Qxf3 11. Qxf3 Bxf3 12. Rg1 Nc6 0-1

[Event "AUTO-OPEN-1340"]
[Site "http://www.queenalice.com/game.php?id=495008"]
[Date "2008.11.18"]
[Round "1"]
[White "louieflores"]
[Black "krikorlima"]
[Result "1-0"]
[WhiteElo "1525"]
[BlackElo "1333"]

1. e4 d5 2. e5 f6 3. exf6 exf6 4. Nc3 g5 5. Qf3 c6 6. d4 Bb4 7. Bd2 b5 8. O-O-O
Nh6 9. Bd3 Bg4 10. Re1+ Kf7 11. Qg3 Re8 12. Rxe8 Qxe8 13. Qc7+ Qe7 14. Qg3 1-0

[Event "AUTO-INT-1108"]
[Site "http://www.queenalice.com/game.php?id=495147"]
[Date "2008.11.18"]
[Round "1"]
[White "montelo"]
[Black "krikorlima"]
[Result "1/2-1/2"]
[WhiteElo "1662"]
[BlackElo "1291"]

1. e4 d5 2. c3 dxe4 3. Qa4+ c6 4. Qxe4 f5 5. Qf4 Na6 6. Bxa6 bxa6 7. Qf3 Qd5 8.
Nh3 Qxf3 9. gxf3 Rb8 10. b4 Nf6 11. Bb2 a5 12. Na3 Ba6 13. d4 Nd5 14. Ng5 h6 15.
Ne6 axb4 16. cxb4 Nxb4 17. Bc3 Nd3+ 18. Kd2 Nxf2 19. Rhe1 Rc8 20. Ba5 Kd7 21.
Nc5+ Kd6 22. Nxa6 Kd5 23. Re5+ Kxd4 24. Rxf5 Ne4+ 25. fxe4 Kxe4 26. Rff1 e6 27.
Rfe1+ Kf3 28. Nc4 g5 29. Ne5+ Kf4 30. Ng6+ Kf3 31. Re3+ Kg2 32. Re2+ Kh3 33. Rg1
Bd6 34. Re3+ Kxh2 35. Nxh8 Kxg1 36. Nf7 Bf4 37. Nd6 Rf8 38. Bb4 Bxe3+ 39. Kxe3
g4 40. Ne4 Rf3+ 41. Ke2 h5 42. Be1 Kg2 43. Nac5 g3 44. Nxg3 Rxg3 45. Bxg3 Kxg3
46. Kf1 e5 47. Kg1 a5 48. a3 Kf4 49. a4 e4 50. Nb7 e3 51. Kf1 Kf3 52. Ke1 h4 53.
Nxa5 h3 54. Nc4 e2 55. Nd2+ Ke3 56. Nf1+ exf1=Q+ 57. Kxf1 h2 58. Kg2 Kd4 59. a5
Kc5 60. Kxh2 Kb5 61. Kg2 Kxa5 62. Kf2 c5 63. Ke2 c4 64. Kd2 Kb4 65. Kc2 c3 66.
Kc1 Kb3 67. Kb1 c2+ 68. Kc1 Kc3 1/2-1/2

[Event "AUTO-INT-1108"]
[Site "http://www.queenalice.com/game.php?id=495148"]
[Date "2008.11.18"]
[Round "1"]
[White "krikorlima"]
[Black "montelo"]
[Result "0-1"]
[WhiteElo "1307"]
[BlackElo "1684"]

1. e3 e5 2. Qh5 Nc6 3. Bc4 Nh6 4. Nf3 g6 5. Qg5 d6 6. Qxd8+ Nxd8 7. Ng5 b6 8. a4
Bg7 9. Nc3 Bb7 10. Rg1 f6 11. Ne6 Nxe6 12. Bxe6 c5 13. Nd5 Bxd5 14. Bxd5 Rd8 15.
f4 Ng4 16. h3 Nh6 17. g4 Nf7 18. g5 exf4 19. exf4 O-O 20. gxf6 Bxf6 21. d3 Rde8+
22. Kf1 Bd4 23. Rg4 Re7 24. f5 Kh8 25. fxg6 Nh6+ 26. Kg2 Nxg4 27. Bg5 Re2+ 28.
Kg3 Nf6 29. Bf3 Rxc2 30. Bxf6+ Rxf6 31. gxh7 Be5+ 32. Kg4 Rf2 33. Bd5 Rg2+ 34.
Kh5 Rf5+ 35. Kh6 Bg7# 0-1

[Event "AUTO-INT-1108"]
[Site "http://www.queenalice.com/game.php?id=495161"]
[Date "2008.11.18"]
[Round "1"]
[White "SeekingBrightBuffalo"]
[Black "krikorlima"]
[Result "0-1"]
[WhiteElo "1598"]
[BlackElo "1305"]

1. d4 d5 2. Nf3 Bg4 3. Ne5 h5 4. c4 dxc4 5. Nxg4 hxg4 6. e3 Nf6 7. Bxc4 Ne4 8.
Qxg4 Nf6 9. Qe2 Ne4 10. O-O Qd6 11. Nc3 Nxc3 12. bxc3 Qxh2# 0-1

[Event "AUTO-INT-1108"]
[Site "http://www.queenalice.com/game.php?id=495162"]
[Date "2008.11.18"]
[Round "1"]
[White "krikorlima"]
[Black "SeekingBrightBuffalo"]
[Result "0-1"]
[WhiteElo "1163"]
[BlackElo "1552"]

1. e3 e5 2. Qh5 Nc6 3. Bc4 d5 4. Bb5 Bd6 5. Nc3 Nf6 6. Qg5 O-O 7. Nf3 h6 8. Qh4
Ne7 9. g4 Bxg4 10. Ke2 e4 11. Kf1 Bxf3 12. Rg1 a6 0-1

[Event "AUTO-BEG-266"]
[Site "http://www.queenalice.com/game.php?id=495647"]
[Date "2008.11.20"]
[Round "1"]
[White "krikorlima"]
[Black "Marcus92"]
[Result "0-1"]
[WhiteElo "1080"]
[BlackElo "1103"]

1. e4 Nh6 2. g4 d6 3. g5 Ng4 4. Bh3 Ne5 5. Bxc8 Qxc8 6. Nf3 Qh3 7. Nd4 Ng4 8. f3
Qg3+ 9. hxg3 Ne5 10. f4 Ned7 0-1

[Event "AUTO-BEG-266"]
[Site "http://www.queenalice.com/game.php?id=495651"]
[Date "2008.11.20"]
[Round "1"]
[White "krikorlima"]
[Black "shimon"]
[Result "0-1"]
[WhiteElo "1307"]
[BlackElo "1096"]

1. e3 e5 2. d4 Nc6 3. c4 d5 4. dxe5 dxc4 5. Bxc4 Qxd1+ 6. Kxd1 Nxe5 7. Bb5+ Bd7
8. Nc3 a6 9. Bxd7+ Nxd7 10. Nd5 O-O-O 11. b4 Nc5 12. bxc5 Rxd5+ 13. Bd2 Bxc5 14.
Ne2 Bb4 15. Nd4 Bxd2 16. Kxd2 c5 17. e4 Rxd4+ 18. Ke3 Nf6 19. f3 Rhd8 20. Rad1
Rxd1 21. Rxd1 Rxd1 22. g4 c4 23. g5 c3 24. gxf6 gxf6 25. Ke2 Rd8 26. h4 c2 0-1

[Event "AUTO-BEG-266"]
[Site "http://www.queenalice.com/game.php?id=495652"]
[Date "2008.11.20"]
[Round "1"]
[White "shimon"]
[Black "krikorlima"]
[Result "1-0"]
[WhiteElo "1147"]
[BlackElo "1333"]

1. e4 d5 2. Bd3 e5 3. exd5 Qxd5 4. Qf3 Qxf3 5. gxf3 Nc6 6. Bb5 a6 7. Bxc6+ bxc6
8. d3 Bb4+ 9. Bd2 Bxd2+ 10. Nxd2 Rb8 11. O-O-O Bf5 12. Nc4 f6 13. Re1 g6 14. f4
Ke7 15. fxe5 fxe5 16. Rxe5+ Kf6 17. Nf3 Rb5 18. Rxb5 cxb5 19. Na5 Bg4 20. Nd4
Ne7 21. h3 Bh5 22. Ndc6 Nd5 23. Re1 Nf4 24. h4 Ng2 25. Rh1 Re8 26. Nd4 c5 27.
Ndc6 b4 28. b3 Re1+ 29. Rxe1 Nxe1 30. Nc4 Nf3 31. Ne3 Nd4 32. Nxd4 cxd4 33. Nf1
Kf5 34. Nh2 g5 35. hxg5 Kxg5 36. Kd2 Kh4 37. Ke1 a5 38. Kd2 Kh3 39. Nf1 Kg2 40.
Ke1 Bf3 41. Nd2 Bg4 42. Ne4 h5 43. Ng5 h4 44. f3 Bxf3 45. Nxf3 Kxf3 46. Kf1 1-0